Labor economics and labor relations

Bibliographic Details
Main Authors: Reynolds, Lloyd George , 1910-2005 (Author), Masters, Stanley H. , 1940- (Author), Moser, Colletta H. , 1940- (Author)
Format: Book
Published: Englewood Cliffs, NJ : Prentice-Hall , c1986
Edition:9th ed.
Subjects:

MARC

LEADER 00000cam a2200000 7i4500
001 0000008054
005 20190326093000.0
008 021119s1986
020 |a 0135176999 
090 0 0 |a HD409   |b .R47 
100 0 |a Reynolds, Lloyd George ,   |d 1910-2005 ,   |e author 
245 0 0 |a Labor economics and labor relations   |c Lloyd G. Reynolds, Stanley H. Masters, Colletta H. Moser 
250 |a 9th ed. 
260 2 |a Englewood Cliffs, NJ :   |b Prentice-Hall ,   |c c1986 
300 |a 635 p. ; ;   |c 24 cm. 
504 |a Includes bibliographical references and index 
650 0 |a Industrial relations 
650 0 |a Labor economics 
700 0 |a Masters, Stanley H. ,   |d 1940- ,   |e author 
700 0 |a Moser, Colletta H. ,   |d 1940- ,   |e author 
999 |a 1000011487   |b Book   |c OPEN SHELF (30 DAYS)   |e Gong Badak Campus